El cerebro lector: últimas noticias de las neurociencias sobre la lectura, la enseñanza, el aprendizaje y la dislexia
Salvato in:
| Autore principale: | |
|---|---|
| Natura: | Libro |
| Lingua: | spagnolo |
| Pubblicazione: |
Buenos Aires
Siglo Veintiuno
2014
|
| Edizione: | 1a. ed |
| Serie: | Ciencia que Ladra...Serie Mayor
|
| Soggetti: | |
| Tags: |
Aggiungi Tag
Nessun Tag, puoi essere il primo ad aggiungerne!!
|
MARC
| LEADER | 00000cam a2200000 a 4500 | ||
|---|---|---|---|
| 001 | UCD3369 | ||
| 003 | CL-VaPUC | ||
| 005 | 20240327140622.0 | ||
| 008 | 160603e20140000ag |||||||||||||||||spa|d | ||
| 999 | |c 364405 |d 364403 | ||
| 020 | |a 9789876293587 | ||
| 040 | |c Pontificia Universidad Católica de Valparaíso | ||
| 082 | 0 | 4 | |a 153.152 DEH 2014 |2 21 |
| 100 | 0 | |a Dehaene, Stanislas |e author |9 232 | |
| 245 | 1 | 3 | |a El cerebro lector: últimas noticias de las neurociencias sobre la lectura, la enseñanza, el aprendizaje y la dislexia |
| 250 | |a 1a. ed | ||
| 260 | |a Buenos Aires |b Siglo Veintiuno |c 2014 | ||
| 300 | |a 444 p | ||
| 490 | 0 | |a Ciencia que Ladra...Serie Mayor | |
| 583 | |a last modification |c 20160603 11:43:00 |k Rodrigo Vera | ||
| 650 | 0 | |a Métodos de aprendizaje |9 334464 | |
| 650 | 0 | |a Lectura |9 307634 | |
| 650 | 0 | |a Percepción |9 266750 | |
| 650 | 0 | |a Neurociencias |9 525904 | |
| 650 | 0 | |a Enseñanza |9 256457 | |
| 650 | 0 | |a Dislexia |9 307487 | |
| 942 | |c BK |2 ddc | ||
| 945 | |d 20160603 11:43:00 |a arojas | ||
| 952 | |0 0 |1 0 |3 erb |4 0 |6 153_152000000000000_DEH_2014 |7 0 |8 A |9 477572 |a BIBEDU |b BIBEDU |i 5288878 |o 153.152 DEH 2014 |p 5288878 |r 2019-11-24 |w 2019-11-24 |y BK |z Catalogado en:20160603 |k EDI | ||
| 952 | |0 0 |1 0 |3 erb |4 0 |6 153_152000000000000_DEH_2014 |7 0 |8 A |9 477573 |a BIBEDU |b BIBEDU |d 2019-08-08 |e 11 |g 31500.00 |i 5557925 |l 1 |m 2 |o 153.152 DEH 2014 |p 5557925 |r 2024-06-25 |s 2024-05-31 |v 31500.00 |w 2019-11-24 |y BK |z Catalogado en:20190814 |k EBA | ||
| 952 | |0 0 |1 0 |3 erb |4 0 |6 153_152000000000000_DEH_2014 |7 0 |8 A |9 477574 |a BIBEDU |b BIBEDU |d 2019-08-08 |e 11 |g 31500.00 |i 5557933 |l 5 |o 153.152 DEH 2014 |p 5557933 |r 2023-04-12 |s 2023-04-12 |v 31500.00 |w 2019-11-24 |y BK |z Catalogado en:20190814 |k EBA | ||
| 952 | |0 0 |1 0 |3 erb |4 0 |6 153_152000000000000_DEH_2014 |7 0 |8 A |9 477575 |a BIBEDU |b BIBEDU |d 2019-08-08 |e 11 |g 31500.00 |i 5557941 |o 153.152 DEH 2014 |p 5557941 |r 2019-11-24 |v 31500.00 |w 2019-11-24 |y BK |z Catalogado en:20190814 |k EBA | ||